Multidisciplinárna liečba najčastejších urologických malignít so zlou prognózou: pozvanie do diskusie

Bibliographic Details
Main Authors: Goncalves, Frederico, 1961- (Author), Horňák, Michal, 1929-2016 (Author), Ondruš, Dalibor, 1953- (Author), Breza, Ján, 1948- (Author)
Format: Article
Language:Slovak
PhysicalDescription:Tab.
ISSN:0862-495X
Subjects:

MARC

LEADER 00000nab a2200000 a 4500
001 vtls000886814
003 SK-MaSNL
005 20260304030529.0
008 040806c2004 xo 0 slo
015 |a SNBRB2004/10-29186 
035 |a CLN000238249 
040 |a SNKBUCL  |b slo  |c SNKBUCL  |e AACR2 
041 0 |a slo 
044 |a xo  |c SK 
080 |a 616.6-006.04  |2 1997 
245 0 0 |a Multidisciplinárna liečba najčastejších urologických malignít so zlou prognózou: pozvanie do diskusie  |c M. Horňák ... [et al.] 
246 1 1 |a Multidisciplinary treatment of most frequent urological malignancies with poor prognosis: invitation to discussion 
300 |b Tab. 
504 |a Bibliogr. odkazy 
546 |a Res. angl., slov. 
650 0 7 |a karcinóm  |x epidemiológia  |x terapia  |2 MESH  |9 1308948 
650 0 7 |a nádory urologické  |x epidemiológia  |x terapia  |2 MESH  |9 1308949 
650 0 7 |a nádory prostaty  |2 MESH  |9 20100 
650 0 7 |a nádory močového mechúra  |2 MESH  |9 20101 
650 0 7 |a nádory obličiek  |2 MESH  |9 20106 
700 1 |a Goncalves, Frederico,  |d 1961-  |4 aut  |9 259164 
700 1 |a Horňák, Michal,  |d 1929-2016  |4 aut  |9 25820 
700 1 |a Ondruš, Dalibor,  |d 1953-  |4 aut  |9 102851 
700 1 |a Breza, Ján,  |d 1948-  |4 aut  |9 101413 
773 0 |t Klinická onkologie  |g Roč. 17, č. 4 (2004), s. 119-122  |x 0862-495X 
850 |a Slovenská národná knižnica v Martine 
852 |a SNK  |b KIS3GCP 
999 |c 2634487  |d 2636417